000 00878nam a22002297a 4500
999 _c14794
_d14794
003 AR-CdUCM
008 190424b ||||| |||| 00| 0 spa d
020 _a978-968-16-8450-1
040 _aMUNICIPALIDAD PROVINCIAL DEL CUSCO
_cBIBLIOTECA MUNICIPAL DEL CUSCO
082 _aEP / 801 / A48
_bA48
100 _aAmara, Luigi
_933692
245 _aLas aventuras de Max y su oso submarino /
260 _aMéxico :
_bFondo de cultura económica
_c2015.
300 _a61 páginas ;
_bIlustraciones,
_c24 cm.
505 _aContenido: Un ojo demasiado inquieto -- Peligro en el salón de clase -- Una madrugada tenebrosa -- Historia de la perla mutante ...
650 _aPoemas infantiles
_933347
650 _aLiteratura infantil
_9588
650 _aPrimera infancia
_924660
700 _aFarr, Jonathan (Ilustraciones)
_933693
942 _2ddc
_cLIBROS
945 _adavv
_d24/04/2019